000 00366nam a2200133Ia 4500
005 20260326235458.0
008 260326s9999||||xx |||||||||||||| ||und||
100 _aMarzo, José María
245 0 _aTectónica :
_b Envolventes - Fachadas ligeras /
_cJosé María Marzo
260 _bATC Ediciones
300 _a112 p.
650 _aDETALLES CONSTRUCTIVOS
942 _cBK
999 _c7990
_d7990